01305nam a2200325Ia 4500001001200000003000800012006001900020007001500039008004100054010001700095020001800112020003000130020002700160040002100187035002100208050002500229245014900254260004500403300001700448504006600465533015200531650002700683650002600710650003100736655002900767700001700796700002300813710001700836856012600853ebr10364036CaPaEBRm u cr cn|||||||||090408s2010 enk sb 001 0 eng d z 2009014865 z9781441199058 z9781847065056 (hardcover) z1847065058 (hardcover) aCaPaEBRcCaPaEBR a(OCoLC)61020468514aLC191b.S6565 2010eb00aSocial realism, knowledge and the sociology of educationh[electronic resource] :bcoalitions of the mind /cedited by Karl Maton and Rob Moore. aLondon ;aNew York :bContinuum,cc2010. aviii, 198 p. aIncludes bibliographical references (p. [179]-109) and index. aElectronic reproduction.bPalo Alto, Calif. :cebrary,d2010.nAvailable via World Wide Web.nAccess may be limited to ebrary affiliated libraries. 0aEducational sociology. 0aEducationxCurricula. 0aConstructivism (Education) 7aElectronic books.2local1 aMaton, Karl.1 aMoore, Rob,d1946-2 aebrary, Inc.40uhttp://site.ebrary.com/lib/rucke/Doc?id=10364036zAn electronic book accessible through the World Wide Web; click to view